Tus rosas frente al espejo

সংরক্ষণ করুন:
গ্রন্থ-পঞ্জীর বিবরন
প্রধান লেখক: Alonso Gamó, José María (Author)
বিন্যাস: গ্রন্থ
ভাষা:স্প্যানিশ
প্রকাশিত: Valencia Talleres de Tipografía Moderna 1953
বিষয়গুলি:
ট্যাগগুলো: ট্যাগ যুক্ত করুন
কোনো ট্যাগ নেই, প্রথমজন হিসাবে ট্যাগ করুন!

MARC

LEADER 00000nam a2200000 a 4500
001 UCX0278
003 CL-VaPUC
008 890906e19530000SP |||||||||||||||||spa|d
082 0 4 |a 861  |b ALO  |2 21 
100 0 |a Alonso Gamó, José María  |e author  |9 315662 
245 1 0 |a Tus rosas frente al espejo 
300 |a 81 p 
942 |c BK 
945 |d 19890906 00:00:00 
260 |a Valencia  |b Talleres de Tipografía Moderna  |c 1953 
650 0 |a Poesías españolas  |9 265100 
583 |a last modification  |c 19890906 00:00:00  |k Rodrigo Vera 
999 |c 221929  |d 221927 
952 |0 0  |1 0  |4 0  |6 861_000000000000000_ALO_1953  |7 0  |8 A  |9 216007  |a BIBEDU  |b BIBEDU  |d 2019-11-15  |i 2845687  |o 861 ALO 1953  |p 2845687  |r 2019-11-15  |w 2019-11-15  |y BK  |k LIT